| 000 | 00336nam a2200121Ia 4500 | ||
|---|---|---|---|
| 008 | 210430s9999 xx 000 0 und d | ||
| 082 | _a621.38152 O38 M | ||
| 100 |
_aMilton Ohring _953999 |
||
| 245 |
_aMaterials Science of Thin Films _cMilton Ohring |
||
| 260 |
_aNew york _bAcademic Press _c2002 |
||
| 300 | _a794p | ||
| 942 |
_cBK _2ddc |
||
| 999 |
_c564421 _d564421 |
||